000 01307cam a22002054a 4500
005 20250605164045.0
008 250528s ||||||||||||||||||||||||d
035 _a17093
020 _a30989434
040 _aGR-AtMCL
_bgre
_dGR-AtMCL
_eAACR2
245 1 _aStatistics / Fifth Edition
250 _a5th
260 _bHarcourt Brace College Publishers,
_c1994
300 _a1114
520 _aPreface, Introduction, Elementary Probability Theory, Frequency and Probability Distributions, A Discrete Random Variable: The Binomial, Central Tendency and Variability, Sampling Distributions and Point Estimation, Normal Population and Sampling Distributions, Hypothesis Testing, Inferences about Population Means, The Chi-Square and F Distributions, The General Linear Model and the Analysis of Variance, Comparisons Among Means, Factorial Designs and Higher-Order Analysis of Variance, Analysis of Variance Models II and III: Random Effects and Mixed Models, Problems in Regression and Correlation, Partial and Multiple Regression, Further Topics in Regression, The Analysis of Covariance, Analyzing Qualitative Data: Chi-Square Tests, References and Suggestions for Furthe Reading, Glossary of Symbols, Index.
700 1 _aHayes William L
_93233
942 _cBK
999 _c2533
_d2533